000 00602nam a2200169 i 4500
001 39485
003 ES-MaACL
005 20230906160010.0
007 t|
008 030303s1968 xxu ||||1| gao d
245 0 0 _aCancioneiro de Corte e de Magnates
_b: MSCXIV/2-2 da biblioterca pública e Arquivo Distrital de Evora /
_cediçao e votas por Arthur Lee-Francis Askins.
260 _aBerkreley :
_bUniversity of California,
_c1968.
300 _a601 p. ;
_c24 cm.
700 1 _aAskins, Arthur Lee-Francis.
_923626
710 2 _aUniversity of California.
_97502
852 _aES-MaACL
_jC-46711
_bR.66919
999 _c39485
_d39485